| 000 | 02323nab a2200253 a 4500 | ||
|---|---|---|---|
| 005 | 20250224093030.0 | ||
| 008 | 991125c2017 sp tr p o 000 0 spa d | ||
| 035 | _aUPN01000223340 | ||
| 040 |
_aUPN _bspa _cUPN _eaacr2 |
||
| 049 | _aART-E | ||
| 100 | 1 |
_aSuriá Martínez, Raquel _6- raquel.suria@ua.es |
|
| 245 | 1 | 0 |
_aRelación entre perfiles de inteligencia emocional y bienestar psicológico en personas con lesión medular _h[recurso electrónico en línea] |
| 506 | 0 | _aAcceso abierto | |
| 520 | 3 | _aObjetivo: El presente estudio examina la existencia de diferentes perfiles de inteligencia emocional (IE) en un grupo de personas con lesión medular por un accidente de tráfico. A su vez, se comprueba si existen diferencias estadísticamente significativas entre los grupos obtenidos respecto a las dimensiones que conforman el bienestar psicológico (BP). Método: Se administró la Trait Meta-Mood Scale-24 (TMMS-24) y la Escala de Bienestar Psicológico de Ryff, a una muestra de 94 personas con lesión medular por accidentes de tráfico. El rango de edad fue de 21 a 55 anos ˜ (M = 38,68; DT = 7,36). Resultados: El análisis de conglomerados identificó 3 perfiles diferenciados de IE: un grupo con un perfil de alta IE, un grupo con predominio de elevada claridad y reparación emocional y baja atención emocional, y un último grupo de personas con baja IE. Finalmente, los resultados revelaron diferencias estadísticamente significativas en IE entre los perfiles obtenidos con respecto a las dimensiones de BP. Los participantes de los grupos con alta IE general y alta puntuación en claridad y reparación emocional revelaron mayores puntuaciones en las diferentes dimensiones de BP. Conclusión: Esto sugiere la importancia de disenar ˜ programas que desarrollen las habilidades que componen la IE, ya que este patrón lleva a un BP más elevado entre las personas con lesión medular. | |
| 650 | 7 |
_91394 _aInteligencia emocional |
|
| 650 | 2 |
_914026 _aDiscapacidades |
|
| 653 | 0 | _aBienestar subjetivo | |
| 653 | 0 | _aProgramas de intervención | |
| 773 |
_gVol. 47, no. 1 (2017), p. 9-16 _tAnuario de psicología _x0066-5126 |
||
| 856 | 4 | _uhttps://revistes.ub.edu/index.php/Anuario-psicologia/article/view/20755/22700 | |
| 902 | _aGloria Jiménez/0224 | ||
| 905 | _aArticulo | ||
| 942 | _cART-E | ||
| 999 |
_c195437 _d195437 |
||